00329nam a2200133Ia 4500008004100000020001500041041001200056082001600068100001700084245004700101260002500148300000800173650001400181221030s9999 xx 000 0 und d a812031266x aEnglish a105.23bSas aS. S. Sastry 0aIntroductory Methods of Numerical Analysis bPHIaNew Delhic2003 a380 aComputers